Tom Holland Filmography - Statistics

General Stats
  • This quiz has been taken 630 times
    96 since last reset
  • The average score is 15 of 56
Answer Stats
Type Year Name % Correct
Film 2021 Spider-Man: No Way Home
95%
Video Game 2018 Spider-Man
89%
Film 2019 Spider-Man: Far from Home
89%
Film 2017 Spider-Man: Homecoming
82%
Film 2019 Avengers: Endgame
78%
Film 2018 Avengers: Infinity War
76%
Film 2021 Uncharted
71%
Film 2022 Uncharted
71%
Film 2016 Captain America: Civil War
67%
Film 2012 The Impossible
53%
Film 2026 Spider-Man: Brand New Day
49%
Film 2014 Billy Elliot
45%
Theater 2008-2010 Billy Elliot the Musical
45%
Film 2021 Cherry
45%
Film 2026 The Odyssey
42%
Film 2020 Onward
35%
Film 2021 Chaos Walking
33%
Theater 2024 Romeo and Juliet
33%
Film 2019 Spies in Disguise
31%
Film 2015 In the Heart of the Sea
27%
Web Mini-Series 2023 The Crowded Room
27%
Film 2020 The Devil All the Time
27%
Film 2020 Dolittle
24%
Film 2016 The Lost City of Z
24%
Film 2016 Edge of Winter
22%
Film 2017 The Current War
22%
Film 2013 How I Live Now
16%
TV Show 2017 Lip Sync Battle
16%
Film 2017 Pilgrimage
16%
Film 2010 Arrietty
15%
Short Film 2022 Last Call
15%
Film 2013 Locke
15%
Film 2021 Venom: Let There Be Carnage
15%
Film 2016 A Monster Calls
11%
Short Film 2013 Moments
11%
Short Film 2020 Onward: Magic Gems
11%
Short Film 2017 Peter Parker Takes His Driving Test
11%
Short Film 2019 Peter's To-Do List
11%
Short Film 2019 Science Fair
11%
Short Film 2015 Tweet
11%
Commercial 2019 Audi
9%
Commercial 2022 Hyundai
9%
Web Series 2021 The Daily Bugle
9%
Theme Park Attraction 2021 Web Slingers: A Spider-Man Adventure
9%
TV Mini-Series 2015 Wolf Hall
9%
Film TBA American Speed
5%
Film 2010 The Secret World of Arrietty
5%
Theme Park Attraction 2021 Avengers Campus
4%
TV Show 2022 Million Dollar Wheels
2%
TV Short 2017 A Fan's Guide to Spider-Man: Homecoming
0%
TV Show 2019 Beneath a Scarlet Sky
0%
Commercial 2017 DELL
0%
Video Game 2016 Lego Marvel's Avengers
0%
Video Game 2017 Lego Marvel Super Heroes 2
0%
Video Game 2018 Marvel Strike Force & Marvel Contest of Champions
0%
Video Game 2017 Spider-Man: Homecoming - Virtual Reality Experience
0%
No matching quizzes found
Score Distribution
Percent of People with Each Score
Percentile by Number Answered
Your Score History
You have not taken this quiz since the last reset